[Event "Oberliga Nord W 1516"]
[Site "Germany"]
[Date "2015.12.13"]
[Round "4.3"]
[White "Mueer, Sebastian"]
[Black "Markgraf, Stefan"]
[Result "1/2-1/2"]
[WhiteElo "2197"]
[BlackElo "2130"]
[PlyCount "114"]
[EventDate "2015.09.20"]
[EventType "team-tourn"]
[EventRounds "9"]
[EventCountry "GER"]
[SourceTitle "CBM 170 Extra"]
[Source "ChessBase"]
[SourceDate "2016.02.25"]
[SourceVersion "1"]
[SourceVersionDate "2016.02.25"]
[SourceQuality "1"]
[WhiteTeam "Oldenburg Union"]
[BlackTeam "Goettingen Tempo"]
[WhiteTeamCountry "GER"]
[BlackTeamCountry "GER"]

1. e4 e5 2. Nf3 Nc6 3. Bb5 a6 4. Ba4 Nf6 5. 0-0 b5 6. Bb3 Bc5 7. c3 d6 8. d4 Bb6 9. a4 Rb8 10. axb5 axb5 11. Qd3 Bd7 12. Na3 b4 13. Nc4 bxc3 14. bxc3 exd4 15. Nxb6 Rxb6 16. cxd4 Qb8 17. Ra3 0-0 18. Bd2 Bg4 19. e5 dxe5 20. dxe5 Nd7 21. Ng5 g6 22. Nxf7 Nc5 23. Nh6+ Kg7 24. Qc3 Ne4 25. Qe3 Nxd2 26. Nxg4 Nxb3 27. e6 Rb5 28. Qc3+ Nbd4 29. Rd1 Rb1 30. Ra1 Rb3 31. Qd2 Nf5 32. Qg5 Nce7 33. h4 Qb4 34. Rd7 Kh8 35. Ra8 Ng8 36. Nf6 Qe1+ 37. Kh2 Qe5+ 38. f4 Qxf6 39. Qxf6+ Rxf6 40. e7 Nfxe7 41. Rxe7 Rxf4 42. Rxc7 Rxh4+ 43. Kg1 Rb2 44. Rcc8 Kg7 45. Rxg8+ Kh6 46. Rgf8 Rc4 47. Rf3 Kh5 48. Rh3+ Rh4 49. Kh2 g5 50. Ra4 Rxh3+ 51. Kxh3 Rb3+ 52. g3 Re3 53. Rb4 Kg6 54. Rb6+ Kf5 55. Rb5+ Re5 56. Rb4 h5 57. Ra4 Rd5 1/2-1/2

[Event "GER CupT V8"]
[Site "Ilmenau"]
[Date "2015.01.11"]
[Round "2.2"]
[White "Wichmann, Cliff"]
[Black "Markgraf, Stefan"]
[Result "1-0"]
[WhiteElo "2358"]
[BlackElo "2110"]
[PlyCount "69"]
[EventDate "2015.01.10"]
[EventType "team-k.o."]
[EventRounds "2"]
[EventCountry "GER"]
[SourceTitle "EXT 2019"]
[Source "ChessBase"]
[SourceDate "2018.10.10"]
[SourceVersion "1"]
[SourceVersionDate "2018.10.10"]
[SourceQuality "1"]
[WhiteTeam "Aue Nickelhuette"]
[BlackTeam "Goettingen Tempo"]
[WhiteTeamCountry "GER"]
[BlackTeamCountry "GER"]

1. d4 Nf6 2. Nf3 e6 3. c4 b6 4. g3 Bb7 5. Bg2 Be7 6. 0-0 0-0 7. Re1 d5 8. cxd5 exd5 9. Nc3 Ne4 10. Bf4 Nxc3 11. bxc3 Bd6 12. Bg5 Be7 13. Bxe7 Qxe7 14. Nd2 Nd7 15. e4 dxe4 16. Nxe4 Qa3 17. Qc2 g6 18. Qd2 Rae8 19. Re3 Bxe4 20. Bxe4 Qd6 21. Rae1 Nf6 22. Bg2 Rxe3 23. fxe3 Nd7 24. e4 f6 25. Qe2 Re8 26. Qa6 c5 27. Rd1 cxd4 28. cxd4 Qc7 29. Qa3 Nf8 30. Rc1 Qd7 31. d5 f5 32. exf5 gxf5 33. d6 Rd8 34. Bd5+ Kh8 35. Rc7 1-0

[Event "BL2-West 1112"]
[Site "Germany"]
[Date "2012.04.15"]
[Round "9.6"]
[White "Burkart, Patrick"]
[Black "Markgraf, Stefan"]
[Result "1/2-1/2"]
[WhiteElo "2323"]
[BlackElo "2110"]
[PlyCount "110"]
[EventDate "2011.10.02"]
[EventType "team-tourn"]
[EventRounds "9"]
[EventCountry "GER"]
[SourceTitle "EXT 2015"]
[Source "ChessBase"]
[SourceDate "2014.11.20"]
[SourceVersion "1"]
[SourceVersionDate "2014.11.20"]
[SourceQuality "1"]
[WhiteTeam "Hofheim"]
[BlackTeam "Goettingen Tempo"]
[WhiteTeamCountry "GER"]
[BlackTeamCountry "GER"]

1. c4 e5 2. g3 Nf6 3. Bg2 Nc6 4. Nc3 Be7 5. Nf3 0-0 6. 0-0 d6 7. d4 Bg4 8. d5 Nb8 9. h3 Bxf3 10. Bxf3 Nfd7 11. Bg2 f5 12. f4 Bf6 13. Qc2 g6 14. e4 exf4 15. Bxf4 Bg5 16. Rae1 Na6 17. Nb5 fxe4 18. Qxe4 Ndc5 19. Qe3 Bxf4 20. Rxf4 Rxf4 21. gxf4 Qf6 22. Re2 Rf8 23. a3 Qxf4 24. Qxf4 Rxf4 25. b4 Nd7 26. Rc2 Kf7 27. Nxa7 Ne5 28. c5 dxc5 29. b5 Nb8 30. Rxc5 Rc4 31. Rxc4 Nxc4 32. a4 Ke7 33. Kf2 Kd6 34. Nc8+ Kd7 35. Na7 Nb6 36. a5 Nc4 37. a6 bxa6 38. Nc6 Nxc6 39. dxc6+ Kc8 40. bxa6 Kb8 41. Bd5 Na5 42. Bg8 h6 43. Bh7 g5 44. Be4 Nc4 45. Bd5 Ne5 46. Ke3 Ka7 47. Ke4 Ng6 48. Bc4 Kb6 49. Kf5 Ne7+ 50. Kg4 Nxc6 51. Kh5 Ne5 52. Be2 c5 53. Kxh6 g4 54. hxg4 c4 55. Bxc4 Nxg4+ 1/2-1/2

[Event "Niedersachsen-ch"]
[Site "Verden"]
[Date "2010.01.03"]
[Round "3.7"]
[White "Woellermann, Jan"]
[Black "Markgraf, Stefan"]
[Result "1/2-1/2"]
[WhiteElo "2080"]
[BlackElo "2128"]
[PlyCount "157"]
[EventDate "2010.01.02"]
[EventType "swiss"]
[EventRounds "9"]
[EventCountry "GER"]
[SourceTitle "EXT 2012"]
[Source "ChessBase"]
[SourceDate "2011.11.24"]
[SourceVersion "1"]
[SourceVersionDate "2011.11.24"]
[SourceQuality "1"]

1. d4 e6 2. c4 Nf6 3. g3 d5 4. Nf3 b6 5. Bg2 c6 6. Nbd2 Nbd7 7. 0-0 Bb7 8. Qc2 Rc8 9. e4 dxe4 10. Nxe4 Nxe4 11. Qxe4 Nf6 12. Qc2 Be7 13. c5 bxc5 14. dxc5 Qa5 15. b4 Qd8 16. Bb2 0-0 17. Ng5 h6 18. Rfd1 Qe8 19. Bxf6 hxg5 20. Bxe7 Qxe7 21. Rd6 Rc7 22. Rad1 Rfc8 23. Qe2 Qf6 24. R1d4 g6 25. Qd2 Kg7 26. h4 gxh4 27. Rxh4 Qe5 28. Qh6+ Kf6 29. Qf4+ Qxf4 30. Rxf4+ Ke7 31. Rh4 Ba6 32. Rhd4 Bb5 33. Rd1 Rb8 34. Ra1 Ba4 35. a3 Rd8 36. Rxd8 Kxd8 37. f4 Rd7 38. Kf2 Rd3 39. Bf3 Ke7 40. Be2 Rc3 41. Bd1 Bxd1 42. Rxd1 Rxa3 43. Rd6 a5 44. bxa5 Rxa5 45. Rxc6 Kd7 46. Rd6+ Kc7 47. g4 Rxc5 48. Ra6 Kd7 49. Ra7+ Rc7 50. Ra3 Ke7 51. Kf3 Rc5 52. g5 Rf5 53. Kg4 e5 54. fxe5 Rxe5 55. Ra7+ Kf8 56. Ra8+ Re8 57. Ra4 Re7 58. Ra8+ Kg7 59. Ra4 f6 60. gxf6+ Kxf6 61. Ra6+ Kg7 62. Kg5 Re5+ 63. Kf4 Rb5 64. Kg4 Kh6 65. Kh4 Rb4+ 66. Kg3 Kh5 67. Ra5+ g5 68. Ra3 Re4 69. Rc3 Re1 70. Ra3 Rg1+ 71. Kh2 Re1 72. Kg3 Kg6 73. Ra6+ Kf5 74. Ra5+ Re5 75. Rxe5+ Kxe5 76. Kg4 Kf6 77. Kg3 Kf5 78. Kf3 g4+ 79. Kg3 1/2-1/2

[Event "Niedersachsen-ch op"]
[Site "Verden"]
[Date "2009.01.05"]
[Round "5"]
[White "Sawadkuhi, Massoud Amir"]
[Black "Markgraf, Stefan"]
[Result "0-1"]
[WhiteElo "2230"]
[BlackElo "2103"]
[PlyCount "108"]
[EventDate "2009.01.03"]
[EventType "swiss"]
[EventRounds "7"]
[EventCountry "GER"]
[SourceTitle "EXT 2012"]
[Source "ChessBase"]
[SourceDate "2011.11.24"]
[SourceVersion "1"]
[SourceVersionDate "2011.11.24"]
[SourceQuality "1"]

1. e4 e5 2. Nf3 Nc6 3. Bb5 a6 4. Ba4 d6 5. 0-0 Bd7 6. c3 g6 7. d4 Bg7 8. Be3 Nge7 9. Nbd2 0-0 10. dxe5 Nxe5 11. Bb3 N7c6 12. h3 Nxf3+ 13. Nxf3 Qe8 14. Bc2 Rd8 15. Qd2 Qe7 16. Bg5 f6 17. Bh4 Qf7 18. Nd4 Na5 19. b3 Rde8 20. f4 Nc6 21. Nf3 Bh6 22. Rae1 Re7 23. Nh2 Qg7 24. Ng4 Bxg4 25. hxg4 g5 26. fxg5 Bxg5 27. Bxg5 Qxg5 28. Qd5+ Kg7 29. Bd1 Rfe8 30. Rf5 Qh4 31. Ref1 Re5 32. Qd3 Rxf5 33. exf5 Qg5 34. Bf3 Ne5 35. Qe4 Nxf3+ 36. Qxf3 Qe3+ 37. Kh2 Re4 38. Rf2 b5 39. g5 Qxf3 40. gxf6+ Kxf6 41. Rxf3 h5 42. Kh3 c6 43. Rg3 Kxf5 44. Rg8 d5 45. g3 Re3 46. Kh4 Rxc3 47. Kxh5 d4 48. g4+ Ke4 49. Re8+ Kf3 50. g5 d3 51. g6 d2 52. Rf8+ Ke2 53. g7 Rg3 54. Re8+ Kd3 0-1

[Event "Niedersachsen-ch op"]
[Site "Verden"]
[Date "2009.01.04"]
[Round "4"]
[White "Meyer, Irmin"]
[Black "Markgraf, Stefan"]
[Result "0-1"]
[WhiteElo "2036"]
[BlackElo "2103"]
[PlyCount "122"]
[EventDate "2009.01.03"]
[EventType "swiss"]
[EventRounds "7"]
[EventCountry "GER"]
[SourceTitle "EXT 2012"]
[Source "ChessBase"]
[SourceDate "2011.11.24"]
[SourceVersion "1"]
[SourceVersionDate "2011.11.24"]
[SourceQuality "1"]

1. e4 e5 2. Nf3 Nc6 3. Bb5 a6 4. Ba4 d6 5. d4 b5 6. Bb3 Nxd4 7. Nxd4 exd4 8. Bd5 Rb8 9. Qxd4 Ne7 10. c3 Nxd5 11. exd5 Qe7+ 12. Be3 Qe5 13. Qxe5+ dxe5 14. b3 Be7 15. Nd2 0-0 16. 0-0 Bb7 17. c4 c6 18. dxc6 Bxc6 19. c5 b4 20. Rac1 Rfc8 21. Rfd1 Bd5 22. Nc4 Bxc4 23. Rxc4 Rc6 24. f3 Kf8 25. Kf1 Ke8 26. Ke2 a5 27. Re4 f6 28. f4 exf4 29. Bxf4 Rb7 30. Rc1 Kf7 31. Be3 f5 32. Rec4 Bf6 33. Rd1 Ke6 34. g3 Rd7 35. Rxd7 Kxd7 36. Kd3 Re6 37. g4 fxg4 38. Rxg4 Kc6 39. Rc4 Re5 40. Rc2 Be7 41. Bd4 Rd5 42. Ke4 g6 43. Be3 Bxc5 44. Bxc5 Rxc5 45. Rf2 Rh5 46. Rc2+ Kb5 47. Rd2 a4 48. bxa4+ Kxa4 49. Kf4 Ka3 50. Ke4 Rf5 51. Kd4 g5 52. Kc4 Rf4+ 53. Kd3 h5 54. Ke3 h4 55. Rg2 Rc4 56. Rxg5 Kxa2 57. Rg2+ Kb3 58. Rg1 Rc2 59. Rh1 Ka2 60. Kd3 b3 61. h3 Rg2 0-1

[Event "Wilhelm Werner Memorial-M 28th"]
[Site "Bockenem"]
[Date "2003.05.31"]
[Round "5"]
[White "Markgraf, Stefan"]
[Black "Soellig, Martin"]
[Result "1-0"]
[WhiteElo "2007"]
[BlackElo "2021"]
[PlyCount "55"]
[EventDate "2003.??.??"]
[EventType "tourn"]
[EventRounds "7"]
[EventCountry "GER"]
[SourceTitle "EXT 2008"]
[Source "ChessBase"]
[SourceDate "2007.11.25"]
[SourceVersion "1"]
[SourceVersionDate "2007.11.25"]
[SourceQuality "1"]

1. c4 e6 2. Nc3 Nf6 3. e4 d5 4. e5 d4 5. exf6 dxc3 6. bxc3 Qxf6 7. d4 c5 8. Nf3 Qd8 9. d5 Be7 10. Bd3 Nd7 11. Be4 Nf6 12. Qd3 Nxe4 13. Qxe4 Bf6 14. Bd2 0-0 15. 0-0 Bd7 16. Ne5 exd5 17. cxd5 Re8 18. f4 Qc7 19. Rae1 Bh4 20. g3 Bh3 21. Rf2 f6 22. gxh4 fxe5 23. fxe5 g6 24. e6 Bf5 25. Qg2 Qg7 26. Qg3 Rad8 27. c4 b5 28. Bc3 1-0